000 01085nam a2200325 a 4500
001 3101699
003 ARRUPE
005 20160928104608.0
008 990211s1998 rh b 001 0 eng
010 _a 98983227
020 _a1779050674
040 _aDLC
_cDLC
042 _alcode
043 _afs-----
050 0 0 _aDT733
082 0 0 _a305.42222/0968
_221
100 _aMcFadden, Patricia
_926324
245 0 0 _aGender in southern Africa :
_ba gendered perspective /
_cPatricia McFadden (ed.) ; Jenifer Chiriga ... et al.
246 1 4 _aSouthern Africa in transition
260 _aHarare :
_bSAPES Books,
_c1998.
300 _avi, 148 p. ;
_c21 cm.
500 _a"SAPES Trust"--P. [4] of cover.
504 _aIncludes bibliographical references (p. [137]-144) and indexes.
700 1 _aMcFadden, Patricia.
_926325
700 1 _aChiriga, Jenifer.
_926326
710 2 _aSAPES Trust.
_923049
906 _a7
_bcbc
_corigode
_d3
_encip
_f19
_gy-gencatlg
942 _2lcc
_cMONOGRAPH
999 _c125391
_d125391